| 000 | 01132nam a22002537a 4500 | ||
|---|---|---|---|
| 005 | 2012032903393.0 | ||
| 010 | _aENG-104913 B-492471 | ||
| 020 |
_a9780198079385 _c595.00 |
||
| 020 |
_a0198079389 _c595.00 |
||
| 035 | _aEN-88446 B-492471 | ||
| 037 | _bDBAD/PUB | ||
| 037 | _bUBH/Ven | ||
| 082 | _a871.8 | ||
| 245 |
_aThe oxford India anthology of Tamil dalit writing / _cedited by Ravikumar [and] R. Azhagarasan |
||
| 260 |
_aNew Delhi _bOxford University Press _c2012 |
||
| 270 |
_aYMCA Library Building, 1 Jai Singh Road _bNew Delhi _e110001 |
||
| 300 |
_axxxiii,334p. _c23cm(Hb) |
||
| 700 |
_aRavikumar _944518 |
||
| 700 |
_aAzhagarasan, R. _944519 |
||
| 942 |
_2ddc _cEN _mOXF _h871.8 |
||
| 999 |
_c64514 _d64514 |
||